000 00777nam a2200277Ia 4500
001 G5201
003 IT-RoPAU
008 130308s9999 xx 000 0 und d
040 _aIT-RoPAU
040 _cIT-RoPAU
041 _aITALIANO
100 _aColetti Maria
100 _gCodice Aut. SPICS: 50408
245 _aSotto i piedi delle donne. Cinema al femminile tra finzione e documentario
245 _bCinema Europeo del metissage (Il)
250 _a1a ed.
260 _aFIRENZE
260 _bIl Castoro
260 _c2000 [1° Ed.:2000 - Ed.Ling.Originale:2000]
300 _a"10 p. (prefazione: no ; testo: 10 [pagine: 145-154])"
650 _aGENERI CINEMATOGRAFICI
650 _eCodice materia Spics: 6810
942 _cBK
957 _71
999 _c83719
_d83719
999 _g1